Französisch perfekt. /
Uložené v:
| Hlavný autor: | |
|---|---|
| Médium: | Kniha |
| Jazyk: | German French |
| Vydané: |
Zürich :
Rascher Verlag,
1944
|
| Vydanie: | 1. vyd. |
| Témy: | |
| ISBN: |
(brož.) |
| Fyzický popis: |
129 s. |
| Tagy: |
Pridať tag
Žiadne tagy, Buďte prvý kto otaguje tento záznam!
|
Titul je dostupný aj v ... 

MARC
| LEADER | 00000nam a2200000 a 4500 | ||
|---|---|---|---|
| 001 | 000076621 | ||
| 003 | SVKK | ||
| 005 | 20020124000000.0 | ||
| 008 | 020111s1944 sz e gero | ||
| 020 | |a (brož.) | ||
| 040 | |a SVKKK |b slo |c SVKKK |e AACR2 | ||
| 041 | 1 | |a ger |h fre | |
| 044 | |a sz |c CH | ||
| 080 | |a 804.0(075)(076) |2 1997 | ||
| 100 | 1 | |a Riviére, Louis |4 aut | |
| 245 | 1 | 0 | |a Französisch perfekt. / |c Louis Riviére |
| 250 | |a 1. vyd. | ||
| 260 | |a Zürich : |b Rascher Verlag, |c 1944 | ||
| 300 | |a 129 s. | ||
| 653 | 0 | |a jazyk francúzsky |2 SVKKKPH | |
| 653 | 0 | |a cvičenia |2 SVKKKPH | |
| 653 | 0 | |a učebnice |2 SVKKKPH | |
| 655 | 7 | |a učebnice |2 SVKKKPH | |
| 910 | |a svkkk | ||
| 974 | |a UH |d 20020124 | ||
| 974 | |a KL |d 20020122 | ||
| 974 | |a MI |d 20020124 | ||
| 998 | |a BK | ||
| 090 | |g SCKHL |k Sklad Hlavná 10 prízemie |a I.71126 |j 943844 |i 2720404025 |s Prezenčne | ||